Statistics for Countries that have won an international tournament in rugby

Click here to take the quiz!

General Stats

  • This quiz has been taken 19 times
  • The average score is 19 of 32

Answer Stats

AfricaAsiaEuropeNorth AmericaSouth AmericaOceaniaWorld Cup/Intercontinental TournamentsCountry% Correct
0000002 World Cups
4 Rugby Championships
Australia
100%
0029 Six Nations0001 World CupEngland
100%
0015 Six Nations0000Ireland
100%
0000003 World Cups
4 Rugby Championships
South Africa
100%
0018 Six Nations
22 Rugby Europe
0000France
95%
0000003 World Cups
19 Rugby Championships
New Zealand
95%
0014 Six Nations0000Scotland
95%
001 Rugby Europe0000Spain
95%
0000050Fiji
89%
001 Rugby Europe0000Italy
89%
0250001 Pacific Nations Cup0Japan
89%
0028 Six Nations0000Wales
89%
001 Rugby Europe0000Portugal
79%
0000002 Americas Rugby ChampionshipUnited States
79%
0000040Samoa
74%
9000001 Nations CupNamibia
63%
0500000South Korea
63%
009 Rugby Europe0004 Nations CupRomania
58%
0000003 Nations CupsUruguay
58%
0015 Rugby Europe0000Georgia
53%
2000000Kenya
53%
1000000Zimbabwe
47%
0000100Mexico
32%
0400000Hong Kong
26%
1000000Uganda
26%
2000000Morocco
21%
0000200Guyana
11%
0000100Jamaica
11%
0000100Barbados
5%
0000900Trinidad and Tobago
5%
0000800Bermuda
0%
0000100Cayman Islands
0%

Score Distribution

Percentile by Number Answered

Percent of People with Each Score

Your Score History

You have not taken this quiz